| 000 | 00656nam a22001937a 4500 | ||
|---|---|---|---|
| 005 | 20251108173309.0 | ||
| 008 | 250721s2002 xx 000 0 ara d | ||
| 020 | _a9960878775 | ||
| 082 | 1 | 4 | _a364.17/عوا |
| 100 | 1 | _aالعواجي، منصور بن ناصر | |
| 245 | 1 | 0 | _aالمخدرات طريق الضياع- تعريفات- أخطار -الوقاية- العلاج- قصص / |
| 264 | 1 |
_aالرياض : _bدار طويق للنشر والتوزيع، _c2002. |
|
| 300 | _a128ص. | ||
| 650 | 1 | 7 | _aالمخدرات |
| 650 | 1 | 7 | _aإدمان المخدرات |
| 650 | 1 | 7 | _aمكافحة المخدرات |
| 942 |
_2ddc _cBK |
||
| 999 |
_c100626 _d100626 |
||